Kế toán tài chính
Trình bày những công tác kế toán ở các loại hình doanh nghiệp như: Kế toán vốn bằng tiền, kế toán các khoản nợ phải thu, các khoản ứng trước, kế toán các loại hàng tồn kho, kế toán tài sản cố định, kế toán đầu tư xây dựng cơ bản, ke...
Bewaard in:
| Hoofdauteur: | |
|---|---|
| Formaat: | Boek |
| Taal: | Undetermined |
| Gepubliceerd in: |
Hà Nội
Tài chính
2005
|
| Onderwerpen: | |
| Tags: |
Voeg label toe
Geen labels, Wees de eerste die dit record labelt!
|
| Thư viện lưu trữ: | Trung tâm Học liệu Trường Đại học Cần Thơ |
|---|
| LEADER | 00963nam a2200217Ia 4500 | ||
|---|---|---|---|
| 001 | CTU_101321 | ||
| 008 | 210402s9999 xx 000 0 und d | ||
| 020 | |c 120000 | ||
| 082 | |a 657.3 | ||
| 082 | |b Nh300 | ||
| 100 | |a Võ, Văn Nhị | ||
| 245 | 0 | |a Kế toán tài chính | |
| 245 | 0 | |c Võ Văn Nhị ...[et al.] | |
| 260 | |a Hà Nội | ||
| 260 | |b Tài chính | ||
| 260 | |c 2005 | ||
| 520 | |a Trình bày những công tác kế toán ở các loại hình doanh nghiệp như: Kế toán vốn bằng tiền, kế toán các khoản nợ phải thu, các khoản ứng trước, kế toán các loại hàng tồn kho, kế toán tài sản cố định, kế toán đầu tư xây dựng cơ bản, kế toán bất động sản... | ||
| 650 | |a Finance,Accounting | ||
| 650 | |x Management | ||
| 904 | |i Minh | ||
| 980 | |a Trung tâm Học liệu Trường Đại học Cần Thơ | ||